00743cam a22002171 4500001001300000003000400013005001700017008004100034010001700075035002000092040002000112043001200132050001900144110004300163245012500206260007900331300003000410650002700440650003100467700002700498med48000104 DLC20260227111609.0830401m19479999njuab 000 0 eng  amed48000104  a(OCoLC)29152778 aDLCcMnU-BdDLC an-us-nj00aRA981.N5bA5121 aNew Jersey.bBureau of Social Research10aReport of New Jersey survey of hospital and health center facilities under Federal hospital survey and construction act. aTrenton,bState of New Jersey, Dept. of Institutions and Agenciesc[1947-] av.bmaps, diagrs.c28 cm. 0aHospitalszNew Jersey. 0aPublic healthzNew Jersey.1 aFrankel, Emil,d1886--